| 000 | 01058nam a22002417a 4500 | ||
|---|---|---|---|
| 005 | 20220919143735.0 | ||
| 008 | 220919s2003 txua|||fr|||| 00| 0 eng d | ||
| 040 |
_aCO-BoUCM _bspa _cDeissy Garcia _dDeissy Garcia |
||
| 041 | 0 | _aeng | |
| 060 | _aWS 115 | ||
| 100 | 1 |
_9175625 _aFraker, Cheri |
|
| 245 | 1 | 0 |
_aEvaluation and treatment of pediatric feeding disorders _bfrom NICU to childhood _cCheri Fraker, Laura Walbert ; prólogo Mark Fishbein |
| 260 |
_aAustin, Texas _bProed _c2003 |
||
| 300 |
_a[14] 173 páginas _bilustraciones |
||
| 500 | _aBibliografía Básica - Escuela de Medicina y Ciencias de la Salud - Pregrado en Fonoaudiología | ||
| 504 | _aIncluye referencias bibliográficas e índices | ||
| 650 | 7 |
_aTrastornos de la deglución _xRehabilitación _9175628 |
|
| 650 | 0 |
_972371 _aTrastornos de Ingestión y Alimentación en la Niñez _xRehabilitación |
|
| 650 | 7 |
_98832 _aAlimentación _xMétodos |
|
| 700 | 1 |
_9175626 _aWalbert, Laura |
|
| 700 | 1 |
_9175627 _aFishbein, Mark _eprólogo |
|
| 942 |
_2NLM _a15 _cLIBRO _e1 _hWS 115 _mF812e _n0 |
||
| 999 |
_c321678 _d321678 |
||